Quiz de Ruanda - Statistics

Estatísticas Gerais
  • Esse quiz foi jogado 730 vezes
  • A pontuação média é 11 de 18
Estatísticas das Respostas
Hint Resposta % Correto
Países fazendo fronteira com Ruanda R. D. do Congo
91%
Países fazendo fronteira com Ruanda Uganda
86%
Países fazendo fronteira com Ruanda Burundi
85%
Excluindo ilhas, Ruanda é o quarto menor país do continente africano. Cite um dos três países menores. Gâmbia | Essuatíni | Djibouti
84%
Países fazendo fronteira com Ruanda Tanzânia
83%
O outro país europeu que colonizou Ruanda Alemanha
79%
Línguas oficiais Inglês
79%
Línguas oficiais Francês
73%
País do qual Ruanda conquistou sua independência em 1962 Bélgica
69%
Ruanda é um dos três países onde a maioria das pessoas no Parlamento são _____ Mulheres
61%
Ruanda é um dos três países onde este primata vive na natureza {Gorila}-das-montanhas
58%
Capital Kigali
53%
Grupo étnico que foi a principal vítima do genocídio em 1994 Tútsis
45%
Grupo étnico que foi o principal perpetrador Hútus
41%
Línguas oficiais Suaíli
35%
Línguas oficiais Quiniaruanda
30%
Presidente desde 2000 Paul Kagame
21%
Grande Lago Africano que faz fronteira com Ruanda Lago Kivu
19%
Nenhum quiz correspondente encontrado
Distribuição das Pontuações
Porcentagem de Pessoas com Cada Pontuação
Percentil de Números Respondidos
Sua Pontuação Histórica
Você não jogou esse quiz